European transactions on telecommunications (Record no. 38186)

MARC details
000 -LEADER
fixed length control field 00453nam a2200157Ia 4500
022 ## - INTERNATIONAL STANDARD SERIAL NUMBER
ISSN 1124318X
050 ## - CALL MARK
Classification number TK 5101.A1 .E975/
245 #0 - TITLE STATEMENT
Title European transactions on telecommunications
260 ## - PUBLICATION, DISTRIBUTION, ETC. (IMPRINT)
Name of publisher Wiley
260 ## - PUBLICATION, DISTRIBUTION, ETC. (IMPRINT)
Year of publication 2005
300 ## - PHYSICAL DESCRIPTION
Number of Pages v. : ill. ; 30 cm.
650 ## - SUBJECT ADDED ENTRY--TOPICAL TERM
Topical Term Telecommunication--Periodicals. Electrical and Electronic Engineering--Periodicals.
942 ## - ADDED ENTRY ELEMENTS (KOHA)
Koha item type Serials

No items available.